A Handbook of technical analysis : (Record no. 22714)
[ view plain ]
| 000 -LEADER | |
|---|---|
| fixed length control field | 01156cam a22003135a 4500 |
| 001 - CONTROL NUMBER | |
| control field | ybp12676150ul |
| 003 - CONTROL NUMBER IDENTIFIER | |
| control field | OSt |
| 005 - DATE AND TIME OF LATEST TRANSACTION | |
| control field | 20201128023917.0 |
| 008 - FIXED-LENGTH DATA ELEMENTS--GENERAL INFORMATION | |
| fixed length control field | 150318t2016 si a frb 001 0 eng d |
| 020 ## - INTERNATIONAL STANDARD BOOK NUMBER | |
| International Standard Book Number | 9781118498934 |
| 020 ## - INTERNATIONAL STANDARD BOOK NUMBER | |
| International Standard Book Number | 1118498933 |
| 020 ## - INTERNATIONAL STANDARD BOOK NUMBER | |
| Cancelled/invalid ISBN | 9781118498910 |
| 040 ## - CATALOGING SOURCE | |
| Original cataloging agency | NhCcYBP |
| Language of cataloging | eng |
| Transcribing agency | NhCcYBP |
| Modifying agency | EG-ScBUE |
| 082 04 - DEWEY DECIMAL CLASSIFICATION NUMBER | |
| Classification number | 332.632042 |
| Item number | LIM |
| Edition number | 22 |
| 100 1# - MAIN ENTRY--PERSONAL NAME | |
| Personal name | Lim, Mark Andrew. |
| 245 12 - TITLE STATEMENT | |
| Title | A Handbook of technical analysis : |
| Remainder of title | the practitioner's comprehensive guide to technical analysis / |
| Statement of responsibility, etc | Mark Andrew Lim. |
| 246 12 - VARYING FORM OF TITLE | |
| Title proper/short title | A handbook of technical analysis + test bank |
| 260 ## - PUBLICATION, DISTRIBUTION, ETC. (IMPRINT) | |
| Place of publication, distribution, etc | Singapore : |
| Name of publisher, distributor, etc | John Wiley & Sons, |
| Date of publication, distribution, etc | c.2016. |
| 300 ## - PHYSICAL DESCRIPTION | |
| Extent | xxiii, 953 p. : |
| Other physical details | ill. ; |
| Dimensions | 28 cm. |
| 490 0# - Series Statement | |
| Series statement | Wiley trading series |
| 500 ## - GENERAL NOTE | |
| General note | Index : p. 939-953. |
| 504 ## - BIBLIOGRAPHY, ETC. NOTE | |
| Bibliography, etc | Includes bibliographical references. |
| 650 #7 - SUBJECT ADDED ENTRY--TOPICAL TERM | |
| Topical term or geographic name as entry element | Technical analysis (Investment analysis) |
| Source of heading or term | BUEsh |
| 9 (RLIN) | 41507 |
| 650 #7 - SUBJECT ADDED ENTRY--TOPICAL TERM | |
| Topical term or geographic name as entry element | Investment analysis. |
| Source of heading or term | BUEsh |
| 9 (RLIN) | 1288 |
| 651 ## - SUBJECT ADDED ENTRY--GEOGRAPHIC NAME | |
| Source of heading or term | BUEsh |
| 653 ## - INDEX TERM--UNCONTROLLED | |
| Resource For college | BAEPS, Business Administration |
| Arrived date list | October2016 |
| 856 40 - ELECTRONIC LOCATION AND ACCESS | |
| Host name | IUPUI |
| Uniform Resource Identifier | <a href="http://site.ebrary.com/lib/iupui/docDetail.action?docID=11110688">http://site.ebrary.com/lib/iupui/docDetail.action?docID=11110688</a> |
| Public note | Available on campus and off campus with authorized logon |
| 942 ## - ADDED ENTRY ELEMENTS (KOHA) | |
| Source of classification or shelving scheme | Dewey Decimal Classification |
| Withdrawn status | Item status | Source of classification or shelving scheme | Damaged status | Not for loan | Vendor | Home library | Current library | Shelving location | Date acquired | Source of acquisition | Cost, normal purchase price | Serial Enumeration / chronology | Total Checkouts | Full call number | Barcode | Date last seen | Cost, replacement price | Koha item type |
|---|---|---|---|---|---|---|---|---|---|---|---|---|---|---|---|---|---|---|
| Dewey Decimal Classification | Academic Bookshop | Central Library | Central Library | First floor | 19/10/2016 | Purchase | 919.00 | 9154 | 332.632042 LIM | 000034160 | 04/04/2026 | 1148.75 | Book - Borrowing |